| 000 | 00523 a2200169 4500 | ||
|---|---|---|---|
| 020 | _a0321256190 | ||
| 040 |
_aDLC _bDLC |
||
| 082 | 0 | 0 | _a005.4/3 |
| 100 | 1 | _aHart, Johnson M., | |
| 245 | 1 | 0 |
_aWindows system programming _cJohnson M. Hart. |
| 250 | _a3rd ed. | ||
| 260 |
_aBoston : _bAddison-Wesley, _cc2005. |
||
| 300 |
_axxxii, 537 p. : _bill. ; _c24 cm. |
||
| 650 | 0 |
_aApplication software _xDevelopment. |
|
| 856 | 4 | 1 |
_3Table of contents _uhttp://www.loc.gov/catdir/toc/ecip0420/2004017402.html |
| 942 |
_cBK _k005.43 HAR _2ddc |
||
| 999 |
_c6160 _d6160 |
||